[Event "Adelaide Interclub"]
[Site "Adelaide"]
[Date "2004.??.??"]
[Round "9"]
[White "Freytag, Justin"]
[Black "Goldsmith, Alan"]
[Result "1-0"]
[WhiteElo "2095"]
[BlackElo "2130"]
[PlyCount "97"]
[EventDate "2004.??.??"]
[EventType "team"]
[EventRounds "9"]
[EventCountry "AUS"]
[SourceTitle "EXT 2007"]
[Source "ChessBase"]
[SourceDate "2006.11.23"]
[SourceVersion "1"]
[SourceVersionDate "2006.11.23"]
[SourceQuality "1"]

1. d4 Nf6 2. c4 g6 3. Nc3 Bg7 4. e4 d6 5. Nf3 0-0 6. h3 c5 7. d5 e6 8. Bd3 exd5 9. exd5 Re8+ 10. Be3 Nbd7 11. 0-0 Nf8 12. Qd2 a6 13. a4 b6 14. Bg5 Ra7 15. Rfe1 Rae7 16. g4 h5 17. gxh5 Bxh3 18. Bxf6 Bxf6 19. Ne4 Be5 20. Qg5 f5 21. Nxe5 Rxe5 22. Qxd8 Rxd8 23. Ng5 Bg4 24. hxg6 Nxg6 25. f3 Bh5 26. Ne6 Rd7 27. Kf2 Rh7 28. Rh1 f4 29. Rag1 Re3 30. Rxh5 Rxh5 31. Nxf4 Rxd3 32. Nxd3 Rh2+ 33. Rg2 Rxg2+ 34. Kxg2 Kf7 35. Kg3 Kf6 36. Kg4 Ne7 37. Kf4 b5 38. cxb5 axb5 39. axb5 Nxd5+ 40. Ke4 Nb6 41. Nf4 Nc4 42. b6 Nxb6 43. Nd5+ Nxd5 44. Kxd5 Ke7 45. f4 Kd7 46. f5 Ke7 47. f6+ Kxf6 48. Kxd6 c4 49. Kd5 1-0

[Event "Adelaide University op"]
[Site "Adelaide"]
[Date "2002.07.13"]
[Round "5"]
[White "Freytag, Justin"]
[Black "Lojanica, Zdravko"]
[Result "1-0"]
[WhiteElo "2035"]
[BlackElo "1852"]
[PlyCount "104"]
[EventDate "2002.07.13"]
[EventType "swiss"]
[EventRounds "7"]
[EventCountry "AUS"]
[SourceTitle "EXT 2005"]
[Source "ChessBase"]
[SourceDate "2004.11.15"]
[SourceVersion "1"]
[SourceVersionDate "2004.11.15"]
[SourceQuality "1"]

1. d4 d6 2. Nc3 g6 3. e4 Bg7 4. Be3 Nf6 5. Be2 c6 6. h3 b5 7. e5 dxe5 8. dxe5 Qxd1+ 9. Rxd1 Nfd7 10. f4 g5 11. e6 fxe6 12. Bh5+ Kd8 13. Nf3 Kc7 14. Nxg5 Nf6 15. Bf3 Nd5 16. Bd2 a5 17. 0-0 h6 18. Nge4 Nd7 19. Rfe1 N7b6 20. Kh1 b4 21. Nxd5+ cxd5 22. Nc5 Kd6 23. Nd3 Nc4 24. Bc1 Rf8 25. b3 Nb6 26. c4 bxc3 27. Ba3+ Kc7 28. Bxe7 Re8 29. Bh4 a4 30. f5 axb3 31. axb3 Ra5 32. f6 Bh8 33. Rc1 d4 34. Bg3+ Kd8 35. Ne5 Rc5 36. b4 Rc4 37. Nxc4 Nxc4 38. Red1 Bxf6 39. Rxc3 Nb6 40. Rc6 Nd7 41. Bd6 Ne5 42. Bxe5 Bxe5 43. Rdc1 Bd7 44. Ra6 Bf4 45. Rd1 e5 46. Be4 Re7 47. Rda1 Ke8 48. Rf6 Bb5 49. Ra8+ Kd7 50. Ra7+ Kd8 51. Rd6+ Rd7 52. Rdxd7+ Bxd7 1-0

[Event "South Australia-ch"]
[Site "Adelaide"]
[Date "2002.02.19"]
[Round "2"]
[White "Freytag, Justin"]
[Black "Cowley, Robert"]
[Result "1/2-1/2"]
[WhiteElo "2036"]
[BlackElo "2072"]
[PlyCount "42"]
[EventDate "2002.01.12"]
[EventType "tourn"]
[EventRounds "7"]
[EventCountry "AUS"]
[SourceTitle "EXT 2023"]
[Source "ChessBase"]
[SourceDate "2022.10.05"]
[SourceVersion "1"]
[SourceVersionDate "2022.10.05"]
[SourceQuality "1"]

1. d4 d5 2. c4 c6 3. Nf3 Nf6 4. Nc3 e6 5. e3 Nbd7 6. Qc2 Bd6 7. b3 0-0 8. Bb2 dxc4 9. bxc4 e5 10. Be2 Qe7 11. 0-0 Re8 12. d5 cxd5 13. Nxd5 Nxd5 14. cxd5 Nb6 15. e4 Bd7 16. a4 Rac8 17. Qb3 Bg4 18. Bb5 Red8 19. Nd2 Rc7 20. a5 Nd7 21. Qg3 a6 1/2-1/2

[Event "South Australia-ch"]
[Site "Adelaide"]
[Date "1993.??.??"]
[Round "2"]
[White "Cowley, Robert"]
[Black "Freytag, Justin"]
[Result "1-0"]
[WhiteElo "2057"]
[BlackElo "1995"]
[PlyCount "70"]
[EventDate "1993.??.??"]
[EventType "tourn"]
[EventRounds "11"]
[EventCountry "AUS"]
[SourceTitle "EXT 2024"]
[Source "ChessBase"]
[SourceDate "2023.10.10"]
[SourceVersion "1"]
[SourceVersionDate "2023.10.10"]
[SourceQuality "1"]

1. Nc3 e5 2. Nf3 Nc6 3. d4 exd4 4. Nxd4 g6 5. e4 Bg7 6. Be3 Nge7 7. Bc4 0-0 8. Qd2 Kh8 9. 0-0-0 d6 10. h4 h5 11. g3 Ne5 12. Be2 d5 13. Nb3 c6 14. exd5 cxd5 15. Nxd5 Nf5 16. Bg5 f6 17. Bf4 Be6 18. g4 Ne7 19. Nxe7 Qxe7 20. Qd6 Qf7 21. gxh5 gxh5 22. Kb1 Rfc8 23. Rd2 a5 24. Nc1 Rc6 25. Qd4 Rac8 26. Qe4 f5 27. Qe3 Qf6 28. Bg5 Qf7 29. Rhd1 b5 30. Rd8+ Kh7 31. Rxc8 Rxc8 32. Bxb5 Rb8 33. a4 Nc4 34. Qf4 Rb7 35. Nd3 Nxb2 1-0

[Event "South Australia-ch"]
[Site "Adelaide"]
[Date "1993.??.??"]
[Round "1"]
[White "Freytag, Justin"]
[Black "Benham, Christopher J"]
[Result "1-0"]
[WhiteElo "1995"]
[BlackElo "1703"]
[PlyCount "65"]
[EventDate "1993.??.??"]
[EventType "tourn"]
[EventRounds "11"]
[EventCountry "AUS"]
[SourceTitle "EXT 2024"]
[Source "ChessBase"]
[SourceDate "2023.10.10"]
[SourceVersion "1"]
[SourceVersionDate "2023.10.10"]
[SourceQuality "1"]

1. e4 e6 2. d4 d5 3. Nc3 Bb4 4. e5 Qd7 5. Bd3 b6 6. Nf3 Ba6 7. 0-0 Bxd3 8. Qxd3 Nc6 9. Ne2 Bf8 10. c3 Nge7 11. Ng3 h5 12. Nh4 0-0-0 13. b4 Kb7 14. Bg5 Re8 15. a4 a6 16. Rfb1 Nb8 17. Qf3 Nec6 18. Ne2 Be7 19. Bxe7 Qxe7 20. g3 Nd7 21. c4 Ncxe5 22. dxe5 Nxe5 23. Qc3 Nxc4 24. Ng2 g5 25. Ne3 Nxe3 26. fxe3 h4 27. Rc1 hxg3 28. Nxg3 Rh4 29. Qc6+ Kb8 30. a5 Rxb4 31. axb6 Rxb6 32. Rcb1 Rxb1+ 33. Rxb1+ 1-0